MARC details
| 000 -CABECERA |
| campo de control de longitud fija |
00789nam a2200229 a 4500 |
| 005 - FECHA Y HORA DE LA ÚLTIMA TRANSACCIÓN |
| campo de control |
20240910064000.0 |
| 008 - ELEMENTOS DE LONGITUD FIJA--INFORMACIÓN GENERAL |
| campo de control de longitud fija |
030902s2002 mx r 000 0 spa d |
| 020 ## - NÚMERO INTERNACIONAL NORMALIZADO PARA LIBROS |
| Número Internacional Estándar del Libro |
9870001912 |
| 035 ## - NÚMERO DE CONTROL DEL SISTEMA |
| Número de control de sistema |
UPN01000128391 |
| 049 ## - COLECCIÓN |
| Colección |
CG |
| 050 #4 - SIGNATURA TOPOGRÁFICA DE LA BIBLIOTECA DEL CONGRESO |
| Número de clasificación |
HQ796 |
| Número de documento/Ítem |
A5.6 |
| 245 00 - MENCIÓN DE TÍTULO |
| Título |
Adolescencia : |
| Resto del título |
espejo de la sociedad actual / |
| Mención de responsabilidad, etc. |
coord. María Eugenia Melgoza Magaña ; Ma. Guadalupe Aguilar Medina ... [et al.]. |
| 260 ## - PUBLICACIÓN, DISTRIBUCIÓN, ETC. |
| Lugar de publicación, distribución, etc. |
Buenos Aires : |
| Nombre del editor, distribuidor, etc. |
Lumen, |
| Fecha de publicación, distribución, etc. |
c2002. |
| 300 ## - DESCRIPCIÓN FÍSICA |
| Extensión |
188 p. |
| 440 #0 - MENCIÓN DE SERIE/ASIENTO SECUNDARIO--TÍTULO |
| Título |
Repasando y repansando la adolescencia |
| 650 #7 - ASIENTO SECUNDARIO DE MATERIA - TERMINO TEMATICO |
| Término de materia o nombre geográfico como elemento de entrada |
Sexualidad del adolescente |
| Fuente del encabezamiento o término |
|
| 9 (RLIN) |
1514 |
| 650 #4 - ASIENTO SECUNDARIO DE MATERIA - TERMINO TEMATICO |
| Término de materia o nombre geográfico como elemento de entrada |
Adolescencia |
| 9 (RLIN) |
1008 |
| 650 #4 - ASIENTO SECUNDARIO DE MATERIA - TERMINO TEMATICO |
| Término de materia o nombre geográfico como elemento de entrada |
Psicología del adolescente |
| 9 (RLIN) |
1013 |
| 700 1# - ASIENTO SECUNDARIO--NOMBRE DE PERSONAL |
| Nombre de persona |
Melgoza Magaña, María Eugenia, |
| Término indicativo de función/relación |
coord. |
| 700 1# - ASIENTO SECUNDARIO--NOMBRE DE PERSONAL |
| Nombre de persona |
Aguilar Medina, María Guadalupe, |
| Término indicativo de función/relación |
coaut. |
| 905 ## - TIPO DE MATERIAL |
| Tipo de material |
Libro |